000 00949nam a22001697a 4500
999 _c63495
_d63495
003 Ge_BSU
005 20251020145918.0
008 251020s1998 ge ||||| |||| 00| 0 geo d
041 _ageo
080 _a336.14(479.22)(035) რ-12
245 _aრა უნდა ვიცოდეთ საქართველოს სახელმწიფო ბიუჯეტის შესახებ :
_b(ცნობარი მოქალაქეებისათვის) /
_cსაქართველოს პარლამენტის საბიუჯეტო ოფისი.
264 _aთბილისი,
_c1998.
300 _a35 გვ. ;
_b20 სმ.
653 _aსაქართველოს სახელმწიფო ბიუჯეტი
710 _aსაქართველოს პარლამენტის საბიუჯეტო ოფისი.
_926066
942 _2udc
_cᲬᲘᲒᲜᲘ